000
00272nam a2200109Ia 4500
001
588788
005
20250717120837.0
008
250717s9999 xx 000 0 und d
245
0
_a
V-13 TAYYAR RAHİME
_c
İSMAİL BİLGİN
260
_b
TİMAŞ YAYINLARI
_c
2018
300
_b
93
999
_c
588788
_d
588788